Çin Burcu - Armageddon - Statistics

General Stats
  • This quiz has been taken 41 times
  • The average score is 5 of 12
Answers on the Grid
Answers color-coded by a green-red scale on the quiz's grid according to % correct below.
Fare
Timsah
Kaplumbağa
Öküz
Papağan
Kaplan
Tavşan
Ahtapot
Ejderha
Kaz
Yılan
Karga
At
Keçi
Kartal
Maymun
Tilki
Horoz
Ayı
Köpek
Geyik
Domuz
Yunus
Zürafa
 
Answer Stats
Answer % Correct
Ejderha
71%
Fare
65%
Kaplan
53%
Maymun
53%
Öküz
53%
Yılan
53%
Domuz
47%
At
41%
Tavşan
35%
Horoz
24%
Köpek
24%
Keçi
12%
No matching quizzes found
Score Distribution
Percent of People with Each Score
Percentile by Number Answered
Your Score History
You have not taken this quiz